Statistiques concernant 40 plus grosse entreprises françaises.

Cliquez ici pour prendre le quiz!

Statistiques générales

  • Ce quiz a été pris 259 fois
  • Le résultat moyen est 8 sur 40

Statistiques - réponses

HintRéponse% Correct
26Renault
73%
21LVMH
70%
10Carrefour
57%
19L'Oreal
40%
3Airbus
39%
8Bouygues
38%
23Orange
38%
11Credit Agricole
29%
14Engie
29%
16Hermes
28%
38Vinci
26%
13Dassault
25%
12Danone
24%
31Societe Générale
24%
6Axa
23%
7BNP Paribas
22%
35Thales
18%
29Sanofi
15%
18Kering
14%
22Michelin
13%
27Safran
13%
37Veolia
11%
39Vivendi
10%
2Air liquide
9%
4Arcelor Mittal
8%
28Saint Gobain
8%
24Pernod Ricard
6%
9Capgemini
5%
25Publicis
5%
30Schneider Electric
5%
33Stelantis
5%
17Lactalis
4%
20Legrand
4%
1Accor
3%
5Atos
3%
32Sodexo
3%
15EssilorLuxottica
1%
40Worldline
1%
34STMicroeletronics
0%
36Unibail-Rodamco-Westfield
0%

Distribution des résultats

Percentile par nombre de réponses

% des personnes avec chaque résultat

Votre développement - résultats

Vous n’avez pas pris ce quiz